000 nam a22 a 4500
999 _c3459
_d3459
005 20170523090814.0
008 170523s1996 cau||||| |||| 00| 0 eng d
020 _a 156052409X (pbk.)
040 _aAKMAL
082 _a658.45 DEC
090 _a658.45
_b DEC
100 1 _aDecker, Bert.
_96953
245 1 4 _a The art of communicating :
_b achieving interpersonal impact in business /
_c Bert Decker.
250 _aRev. ed.
260 _aMenlo Park, Calif. :
_bCrisp Publications,
_c c1996.
300 _a vii, 101 p. :
_b ill. ;
_c26cm
490 1 _aA fifty-minute series book
650 0 _a Business communication.
_91235
650 0 _a Interpersonal communication.
_91169
830 0 _aFifty-Minute series.
_91134
942 _2ddc
_cBOOK